1988 year quiz - Statistics

General Stats
  • This quiz has been taken 84 times
    56 since last reset
  • The average score is 5 of 10
Answer Stats
Hint Answer % Correct
Saddam kills thousands of Iraqi Kurds at Halabja with this Poison gas
80%
A Pan Am flight is blown up over this Scottish town Lockerbie
66%
NASA scientist James Hansen testifies that this threat is happening Global warming
64%
Bob Hoskins plays a tough cop in toon town in this innovative hit Who Framed Roger Rabbit
58%
A steroids test cancels this Canadian sprinter's record speed Olympic gold Ben Johnson
52%
A warship of this country shoots down Iran Air flight 655, killing 290 civilians United States of America
52%
Gorbachev starts this economic restructuring programme in the USSR Perestroika
44%
George HW Bush beats this Democrat to become president Michael Dukakis
42%
This country twitches open the iron curtain, offering freer travel Hungary
40%
Death of this racing driver who founded a major luxury car maker Enzo Ferrari
34%
No matching quizzes found
Score Distribution
Percent of People with Each Score
Percentile by Number Answered
Your Score History
You have not taken this quiz since the last reset